Countries Connecting Continents - Statistics

General Stats
  • This quiz has been taken 40 times
  • The average score is 7 of 8
Answer Stats
Answer % Correct
Russia
100%
Turkey
100%
Egypt
95%
Panama
95%
Indonesia
79%
Colombia
74%
Papua New Guinea
71%
Israel
61%
No matching quizzes found
Score Distribution
Percent of People with Each Score
Percentile by Number Answered
Your Score History
You have not taken this quiz